| 000 | 00433nam a2200157Ia 4500 | ||
|---|---|---|---|
| 003 | OSt | ||
| 005 | 20231207164029.0 | ||
| 008 | 230125s9999 xx 000 0 und d | ||
| 020 | _a8173412243 | ||
| 082 |
_a551.695 _bDANH |
||
| 100 | _aDang, Hari, ed. | ||
| 245 | 0 | _aHimalayan environment: issues and concerns of conservation and development | |
| 260 |
_bIndian Publishers Distributors _c2003 _aDelhi |
||
| 300 | _a495 | ||
| 942 |
_cBK _2ddc |
||
| 999 |
_c178 _d178 |
||